| 000 | 01257nam a22003615a 4500 | ||
|---|---|---|---|
| 003 | EG-ScBUE | ||
| 005 | 20220829102524.0 | ||
| 006 | a||||fq||z 00| 0 | ||
| 008 | 161013s2014 ua a f 000 0 eng d | ||
| 020 | _a9789778513417 | ||
| 040 |
_aEG-ScBUE _beng _erda _cEG-ScBUE _dEG-ScBUE |
||
| 041 | 1 |
_aeng _hara |
|
| 082 | 0 | 4 |
_a720.28 _bABO _222 |
| 100 | 1 |
_aAbou Ouf, Tarek Farouk, _eauthor. |
|
| 245 | 1 | 0 |
_aSite analysis / _cTarek Farouk Abou Ouf ; translated by Wael Mustafa Nemmoura ; reviews by Ahmed Galal. |
| 264 | 1 |
_a6th October : _bSky for Book Institute, _c2014. |
|
| 300 |
_a158 pages : _bcolor illustrations ; _c24 cm + _e1 CD |
||
| 336 |
_2rdacontent _atext _btxt |
||
| 336 |
_2rdacontent _asounds _bsnd |
||
| 337 |
_2rdamedia _aunmediated _bn |
||
| 337 |
_2rdamedia _aaudio _bs |
||
| 338 |
_2rdacarrier _avolume _bnc |
||
| 338 |
_2rdacarrier _acomputer disc _bcd |
||
| 546 | _aText in English ; translated from original Arabic. | ||
| 650 | 7 |
_aBuilding sites _xEnvironmental aspects. _2BUEsh |
|
| 650 | 7 |
_aBuilding sites _xPlanning. _2BUEsh |
|
| 651 | _2BUEsh | ||
| 653 |
_bENGARC _cOctober2016 |
||
| 655 |
_vReading book _934232 |
||
| 700 | 1 |
_aNemmoura, Wael Mustafa, _etranslator. |
|
| 700 | 1 |
_aGalal, Ahmed, _ereviewer. |
|
| 942 |
_2ddc _cBB |
||
| 999 |
_c22569 _d22541 |
||